<?xml version="1.0" encoding="UTF-8"?>
<collection xmlns="http://www.loc.gov/MARC21/slim">
 <record>
  <leader>00436pamaa2200145   4500</leader>
  <controlfield tag="001">0000013352</controlfield>
  <controlfield tag="005">20060424090000.0</controlfield>
  <datafield tag="020" ind1="0" ind2="0">
   <subfield code="a">0140137831 (pbk) </subfield>
  </datafield>
  <datafield tag="082" ind1=" " ind2=" ">
   <subfield code="a">153.42 DEB 1971</subfield>
  </datafield>
  <datafield tag="090" ind1="0" ind2="0">
   <subfield code="a">BF455 </subfield>
   <subfield code="b">DEB 1971</subfield>
  </datafield>
  <datafield tag="100" ind1="1" ind2="0">
   <subfield code="a">DE BONO </subfield>
  </datafield>
  <datafield tag="245" ind1="1" ind2="0">
   <subfield code="a">Practical thinking : </subfield>
   <subfield code="b">4 ways to be right, 5 ways to be wrong, 5 ways to understand  </subfield>
   <subfield code="c">Edward de Bono.</subfield>
  </datafield>
  <datafield tag="260" ind1="0" ind2="0">
   <subfield code="a">England: </subfield>
   <subfield code="b">Penguin Book, </subfield>
   <subfield code="c">1971.</subfield>
  </datafield>
  <datafield tag="300" ind1=" " ind2=" ">
   <subfield code="a">188; </subfield>
   <subfield code="c">20 cm..</subfield>
  </datafield>
  <datafield tag="650" ind1="0" ind2="0">
   <subfield code="a">Critical thinking </subfield>
  </datafield>
 </record>
</collection>
